| 000 | 01050cam a2200337 a 4500 | ||
|---|---|---|---|
| 999 |
_c2534 _d2534 |
||
| 003 | CaAEU | ||
| 005 | 20210713085759.0 | ||
| 008 | 970606s1993 nyua 001 0 eng d | ||
| 020 | _a9780553379624 | ||
| 040 | _cDLC | ||
| 050 | 0 | 0 |
_aRJ61 _b.C329 1998 |
| 060 | 4 | _aWS 113 | |
| 090 |
_aWS 113 C277 1993 _bAEGNH |
||
| 090 | 0 |
_aRJ 61 C329 1993 _bAEU |
|
| 245 | 0 | 0 |
_aCaring for your baby and young child : _bbirth to age 5 / _cSteven P. Shelov, editor-in-chief ... [et al.]. |
| 250 | _aRev. trade pbk. ed. | ||
| 260 |
_aNew York : _bBantam Books, _c1998. |
||
| 300 |
_axxxi, 701 p. : _bill. ; _c23 cm. |
||
| 336 |
_atext _btxt _2rdacontent |
||
| 337 |
_aunmediated _bn _2rdamedia |
||
| 338 |
_avolume _bnc _2rdacarrier |
||
| 500 | _aAt head of title: Seal of the American Academy of Pediatrics. | ||
| 500 | _aIncludes index. | ||
| 650 | 0 |
_aInfants _xCare. |
|
| 650 | 0 | _aChild care. | |
| 650 | 0 | _aChild development. | |
| 650 | 2 | _aInfant Care. | |
| 700 | 1 | _aShelov, Steven P. | |
| 710 | 2 | _aAmerican Academy of Pediatrics. | |
| 942 |
_2lcc _cBK _nSO |
||